[Event "NOR-chT Codanserien 2017-18"]
[Site "Oslo"]
[Date "2018.01.14"]
[Round "6"]
[White "Romanov, Evgeny"]
[Black "Fossan, Petter"]
[Result "1-0"]
[WhiteElo "2617"]
[BlackElo "2323"]
[Annotator "TA"]
[PlyCount "79"]
[EventDate "2018.??.??"]
[EventType "team-tourn"]
[EventCountry "NOR"]
[SourceTitle "playchess.com"]
[Source "ChessBase"]
[SourceQuality "1"]

{[%evp 21,79,43,66,43,69,52,62,22,67,68,81,74,92,88,78,72,78,38,34,33,69,16,60,41,49,56,75,59,89,105,79,67,66,47,57,43,48,42,35,43,60,66,239,245,242,241,235,225,233,228,428,431,404,423,383,342,571,560,2254,2060]} 1. Nf3 c5 2. c4 g6 3. e4 Nc6 4. d4 cxd4 5. Nxd4 Bg7 6. Be3 Nf6 7. Nc3 d6 8. Be2 Bd7 9. Nb3 O-O 10. O-O a5 11. Nd2 {B38: Sicilian: Maroczy Bind with 5...Bg7 and 7...0-0} Nb4 {LiveBook: 6 Games} 12. f3 Bc6 $146 ({Find the theoretical novelty and annotate with similar games:} 12... Na6 13. Kh1 Bc6 14. Nb3 Nd7 15. Nd4 Ndc5 16. Qd2 Ne6 17. Ndb5 Nac5 18. Rab1 Kh8 {1-0 (32) Kortschnoj,V (2635)-Hernandez,G (2560) Merida 1996}) 13. Ndb1 {White is slightly better.} Nd7 14. Na3 Na6 15. Qd2 Ndc5 16. Nab5 Be5 17. Rad1 Re8 18. Kh1 a4 19. Nd5 e6 20. Ndc3 Qe7 21. Nd4 (21. Nxd6 Rad8 $19) (21. Bg5 $14 f6 22. Bh4) 21... Red8 22. Qc2 Nb4 23. Qc1 Qh4 {[%csl Ge5][%cal Rh4h2]} 24. f4 Bg7 25. Nxc6 Nxc6 26. e5 Bf8 27. g3 {[%cal Bg2g3,Bg3g4][%mdl 32]} Qh3 28. exd6 Rxd6 29. Rxd6 Bxd6 30. Rd1 Be7 31. Bf3 $36 {[%mdl 2048] White fights for an advantage.} Qf5 $2 (31... h5 $14) 32. g4 $1 $18 {[%cal Rg4f5]} Qf6 33. Bxc5 Bxc5 34. Ne4 Qe7 {[#]} 35. Rd7 $1 {[%cal Rd7e7][%mdl 512]} Qf8 $2 {[#]} (35... Qh4 {was worth a try.} 36. Nxc5 Qf2) (35... Qxd7 36. Nf6+) 36. Nf6+ $1 Kh8 {[#]} 37. Bxc6 $1 bxc6 38. Qc3 Qg7 $2 (38... Bb4 39. Qh3 Qg7) 39. g5 Rb8 40. Qe5 {Precision: White = 66%, Black = 23%.} 1-0

[Event "NOR-chT Codanserien 2017-18"]
[Site "Oslo"]
[Date "2018.01.14"]
[Round "6"]
[White "Urkedal, Frode"]
[Black "Andersen, Lars Even"]
[Result "1-0"]
[WhiteElo "2572"]
[BlackElo "2293"]
[Annotator "TA"]
[PlyCount "63"]
[EventDate "2018.??.??"]
[EventType "team-tourn"]
[EventCountry "NOR"]
[SourceTitle "playchess.com"]
[Source "ChessBase"]
[SourceQuality "1"]

{[%evp 11,63,52,49,45,45,45,43,43,65,63,79,78,79,32,106,89,149,106,104,118,105,104,175,177,151,131,146,124,149,123,127,135,250,256,290,274,343,329,670,670,591,574,579,579,579,569,493,467,562,560,549,536,495,476]} 1. d4 Nf6 2. c4 Nc6 3. Nf3 e6 4. g3 Bb4+ 5. Nbd2 Ne4 6. Bg2 O-O 7. d5 $146 {E00: Catalan Bogo-Indian (3 g3 Bb4+)} ({Predecessor:} 7. O-O Nxd2 8. Bxd2 Bxd2 9. Qxd2 d6 10. b4 Qe7 11. Rfd1 Nd8 12. c5 Bd7 13. cxd6 cxd6 14. d5 e5 {1-0 (34) Schnider,G (2349)-Aschenbrenner,R (2229) Graz 2011}) 7... Nxd2 8. Bxd2 Bxd2+ 9. Qxd2 {White is slightly better.} Nb8 10. d6 cxd6 11. Qxd6 Qa5+ 12. b4 Qb6 (12... Qa3 $1 $14 13. Qd2 Nc6) 13. Rd1 $16 f6 (13... Qxd6 $142 14. Rxd6 Nc6) 14. O-O Nc6 15. a3 Nd8 16. Qd3 a5 (16... Nf7 $16) 17. c5 $18 Qc7 18. Nd4 $36 {[%cal Bf3d4,Bd4b5,Bb5d6][%mdl 2080] Keeping Black busy.} Nf7 19. Nb5 Qb8 20. Nd6 axb4 21. axb4 Ne5 (21... Nxd6 $16 22. Qxd6 Qxd6 23. Rxd6 Ra4) 22. Qb5 Nc6 23. Ra1 Rd8 24. Qb6 Ra6 $2 (24... Rf8 25. Rfd1 Ne5) 25. Rxa6 {White is clearly winning.} bxa6 26. Rc1 Kf8 27. Bxc6 {[%cal Rb6d8] [#]} Qxb6 28. cxb6 dxc6 29. b7 Bd7 {[#] and the idea ...Rb8 leaves Black hopeful.} 30. Nc8 $1 {[%mdl 512]} Rxc8 (30... Bxc8 31. b8=Q) 31. bxc8=Q+ Bxc8 32. Rxc6 {Precision: White = 87%, Black = 41%.} 1-0

[Event "NOR-chT Codanserien 2017-18"]
[Site "Oslo"]
[Date "2018.01.14"]
[Round "6"]
[White "Christiansen, Johan-Sebastian"]
[Black "Strand, Hakon"]
[Result "1-0"]
[WhiteElo "2492"]
[BlackElo "2173"]
[Annotator "TA"]
[PlyCount "59"]
[EventDate "2018.??.??"]
[EventType "team-tourn"]
[EventCountry "NOR"]
[SourceTitle "playchess.com"]
[Source "ChessBase"]
[SourceQuality "1"]

{[%evp 19,59,54,129,129,122,120,152,111,113,108,126,119,190,172,205,168,143,167,176,172,155,95,253,238,251,251,404,388,473,464,616,615,611,600,566,316,561,250,714,701,1267,1266]} 1. Nf3 c5 2. c4 Nc6 3. g3 Nf6 4. Bg2 g6 5. O-O Bg7 6. d4 cxd4 7. Nxd4 O-O 8. c5 Qa5 9. Nb3 Qc7 10. Nc3 a6 (10... b6 $14) 11. Bf4 $16 {A39: Symmetrical English vs ...g6: 4 Bg2 Bg7 5 Nf3 Nf6 6 0-0 0-0 7 d4} e5 12. Be3 (12. Bg5 Re8 13. Qd2 Nd4 14. Nxd4 exd4 15. Bxf6 dxc3 16. Bxc3 Qxc5 17. Bxg7 Kxg7 18. Rac1 Qe5 {1-0 (60) Nagle,S (2423)-Rosenthal,N (2156) chess.com INT 2017}) 12... h6 $146 ({Predecessor:} 12... Ne7 13. Na4 Nf5 14. Bd2 d5 15. Nb6 Be6 16. Nxa8 Rxa8 17. Rc1 h5 18. h4 e4 {1-0 (33) Caoili,A (2140)-Gatta,G Estensi 2001}) 13. Qc1 {White is clearly better.} Kh7 14. Rd1 Rd8 15. Rd6 {[#] aiming for Rxf6!} Ne7 (15... Ne8 $16) 16. Na4 Nf5 17. Nb6 Rb8 18. Qd2 Re8 19. Rd1 Ng4 20. Nxc8 (20. Nd5 $142 Qd8 21. Rb6) 20... Ngxe3 $2 {[#]} (20... Qxc8 $16 21. Rxd7 Nfxe3 22. fxe3 Rf8) 21. fxe3 {And now Nb6 would win.} Qxc8 22. Rxd7 Nd4 $2 (22... Kg8 23. Qd5 Re7) 23. Rxf7 $18 Nxb3 24. axb3 Qxc5 25. Rc1 Rbd8 26. Rxc5 Rxd2 27. Rcc7 Rg8 $2 (27... Rd1+ {might work better.} 28. Kf2 Rg8 29. Bxb7 Kh8) 28. Rxb7 (28. Bxb7 $142 Rxb2 29. Bd5) 28... Rxe2 $2 (28... Rd1+ 29. Kf2 Kh8) 29. Bd5 Kh8 30. Rfc7 {Precision: White = 50%, Black = 34%.} 1-0

[Event "NOR-chT Codanserien 2017-18"]
[Site "Oslo"]
[Date "2018.01.14"]
[Round "6"]
[White "Salomon, Johan"]
[Black "Berg, Emanuel"]
[Result "1-0"]
[WhiteElo "2476"]
[BlackElo "2549"]
[Annotator "TA"]
[PlyCount "119"]
[EventDate "2018.??.??"]
[EventType "team-tourn"]
[EventCountry "NOR"]
[SourceTitle "playchess.com"]
[Source "ChessBase"]
[SourceQuality "1"]

{[%evp 20,119,34,33,29,37,37,24,22,26,18,16,10,15,15,15,15,10,21,11,30,30,31,27,19,0,17,11,14,22,20,-135,-122,-114,-118,-118,-101,-171,-95,-170,-167,-156,-148,-159,-176,-159,-169,-158,-85,-97,-86,-90,-64,-64,-48,-38,0,0,0,0,0,-97,0,0,0,0,0,-1072,-29,-1567,-1468,-1318,-1131,-1568,-1542,-1493,-1222,-1323,-1237,-1270,-1238,-1135,-1135,-1114,0,-1066,0,0,0,0,0,0,0,0,0,0,0,0,0,0,0,0]} 1. e4 c5 2. Nf3 d6 3. Bb5+ Bd7 4. Bxd7+ Qxd7 5. c4 Nf6 6. Nc3 g6 {B52: Sicilian: Moscow Variation with 3...Bd7} 7. d4 cxd4 8. Nxd4 Bg7 9. f3 O-O 10. Be3 Rc8 (10... Nc6 11. O-O a6 12. Qd3 Ne5 13. Qe2 Rac8 14. b3 b5 15. Nd5 Nxd5 16. cxd5 e6 17. dxe6 fxe6 18. Rad1 Nc6 19. Qd2 Nxd4 20. Bxd4 {½-½ (75) Kryvoruchko,Y (2692)-Yilmaz,M (2633) Heraklio 2017}) 11. b3 {LiveBook: 74 Games} e6 12. Qd2 Nc6 13. Rd1 d5 14. Nxc6 bxc6 15. e5 $146 ({Predecessor:} 15. c5 Qb7 16. Bd4 Nd7 17. Bxg7 Kxg7 18. O-O Qb4 19. Na4 {0-1 (56) Lagunes,J (2009)-Goulesque,C (1871) Bordeaux 2013}) 15... Ne8 $1 16. f4 f6 17. exf6 Nxf6 18. O-O Rd8 19. Qe2 Qf7 20. Bd4 Rd7 21. Rfe1 Rad8 22. c5 Nh5 {[%cal Bf6h5,Bh5g7,Bg7e6][%mdl 32]} 23. g3 Bxd4+ 24. Rxd4 Ng7 25. g4 $2 (25. Rd2 $11) 25... e5 $1 $17 {[%cal Re5d4]} 26. fxe5 Ne6 27. Rdd1 Qe7 {[%mdl 1024] Black has strong compensation.} 28. b4 (28. Kh1 $17) 28... Rf8 (28... a5 $19 29. a3 axb4 30. axb4 Rb8) 29. Kh1 (29. Rf1 $17 {keeps fighting.}) 29... Qh4 $19 30. Rf1 Rdf7 $1 {[%cal Rf7f2]} 31. Rf6 Rxf6 32. exf6 Rxf6 33. b5 Nf4 (33... Qh3 $142 34. Qd3 Qxd3 35. Rxd3 Nxc5) 34. Qe1 $17 Qxg4 {[%csl Gf4][%cal Rg4g2]} 35. Qg3 Qc8 {White must now prevent ...cxb5.} 36. b6 $1 axb6 37. cxb6 Rf7 38. Rb1 Nh5 39. Qe3 Nf6 40. Qd4 (40. Rf1 $11 {keeps the balance.}) 40... Nh5 (40... c5 $17 41. b7 Qxb7 42. Qxc5 Qa7 43. Qxa7 Rxa7) 41. Qe3 $11 d4 42. Qxd4 Qh3 $40 {[%mdl 128] Black attacks.} 43. Ne2 $2 {[%mdl 8192]} (43. Qg1 $11) 43... Qf3+ $19 44. Kg1 {b7 is the strong threat.} Nf4 $1 {[%cal Rf4e2]} 45. Nxf4 Rxf4 {[%mdl 4096] Endgame KQR-KQR} 46. Qd8+ Kg7 {[%cal Rf4g4]} 47. Qd7+ Kh6 $1 48. Qd2 g5 {( -> ...Rg4+)} 49. h3 Qg3+ $1 (49... Qxh3 $2 50. Qh2 $18) 50. Qg2 {[#]} Qe3+ $1 51. Kh1 {[#]} Rf3 $2 (51... Rf2 $1 $19 {[%cal Rf2g2]} 52. Qxf2 Qxf2) 52. Rb2 $2 {[%mdl 8192]} (52. Rb3 $11 Qc1+ 53. Kh2 (53. Qg1 $2 Rf1 $19) 53... Qf4+ 54. Kg1 Qd4+ 55. Kh1 Qa1+ 56. Kh2 (56. Qg1 $2 Rf1 $19) 56... Qe5+ 57. Kh1 Qe1+ 58. Kh2) 52... Kg7 $2 ({Don't go for} 52... Rxh3+ $2 53. Qxh3+ Qxh3+ 54. Rh2 $18) (52... Qc1+ $19 53. Kh2 Qf4+ 54. Kg1 Rg3) 53. Rb3 $11 {The position is equal.} Qe1+ 54. Kh2 $1 Qe5+ 55. Kg1 Qe1+ 56. Kh2 Qe5+ 57. Kg1 Qe1+ 58. Kh2 Rf2 59. b7 Qe5+ 60. Kg1 {[%mdl 32768] Precision: White = 62%, Black = 73%. . Sensor Board Error (Ke4/e5)?} 1-0

[Event "NOR-chT Codanserien 2017-18"]
[Site "Oslo"]
[Date "2018.01.14"]
[Round "6"]
[White "Gausel, Einar"]
[Black "Djurhuus, Rune"]
[Result "1/2-1/2"]
[WhiteElo "2470"]
[BlackElo "2420"]
[Annotator "TA"]
[PlyCount "113"]
[EventDate "2018.??.??"]
[EventType "team-tourn"]
[EventCountry "NOR"]
[SourceTitle "playchess.com"]
[Source "ChessBase"]
[SourceQuality "1"]

{[%evp 25,113,28,40,0,0,-4,23,-74,-56,-73,-79,-61,-83,-94,-74,-174,-146,-192,-139,-129,-47,-41,-31,-48,-24,-26,-33,-57,-17,-84,-76,-92,-94,-139,-63,-109,-100,-152,-150,-157,-144,-156,-128,-127,-131,-102,-27,-135,-110,-120,8,0,7,3,54,42,172,127,127,127,127,121,142,142,142,128,142,127,135,127,127,127,127,127,221,71,59,27,27,27,27,27,27,27,27,27,27,27,27,0]} 1. d4 Nf6 2. Nf3 g6 3. c4 Bg7 4. Nc3 O-O 5. Bg5 h6 6. Bh4 d6 7. e3 Nbd7 8. Be2 e5 9. Qc2 c6 10. O-O Qe7 11. Rfd1 g5 {E61: King's Indian: Early deviations for White, including Smyslov System} 12. dxe5 dxe5 {[%cal Bd6e5,Be5e4][%mdl 32]} 13. Bg3 Nh5 {LiveBook: 3 Games} 14. Bd3 (14. Nd2 $5 {[%cal Re2h5]} Nxg3 15. hxg3 $11) 14... Nxg3 15. hxg3 Nc5 16. Bf5 (16. Bh7+ $11 {remains equal.} Kh8 17. Bf5) 16... e4 $1 $17 17. Bxc8 ({Don't blunder} 17. Bxe4 $2 Bxc3 18. Bxc6 (18. Bh7+ $2 Kg7 $19) 18... Bxb2 $19) 17... Raxc8 18. Nd4 f5 19. Qe2 $146 ({Predecessor:} 19. Nce2) 19... Qf7 20. f3 (20. g4 $17 {might work better.} fxg4 21. Nb3) 20... Rce8 21. Rf1 Ne6 (21... exf3 $19 22. Qxf3 f4 23. gxf4 gxf4) 22. Nxe6 {[#]} Qxe6 (22... exf3 $1 $17 23. gxf3 Rxe6) 23. f4 $15 g4 24. Rfd1 Rd8 25. Rxd8 Rxd8 26. Rd1 $1 {[%cal Rd1d8]} Rxd1+ (26... Rd7 {keeps more tension.} 27. Qc2 Bf6 28. Rxd7 Qxd7 29. Qb3 Be7) 27. Nxd1 (27. Qxd1 $11 a6 28. Qd8+ Kf7 29. Na4) 27... Qd6 28. Nf2 Kf7 29. b3 Qb4 ({Black should try} 29... Bc3 $17 30. Qc2 Qd2 31. Qxd2 Bxd2) 30. Qd1 Ke7 31. Kh2 (31. Nxe4 $142 fxe4 32. Qxg4) 31... h5 $17 32. Nxe4 fxe4 33. Qc2 Kf6 {White must now prevent ...Kf5.} 34. Qxe4 {next Qe5+ is good for White.} Qe7 35. Qd3 Kf7 (35... Ke6 $17) 36. e4 (36. Qh7 $11) 36... Ke8 37. e5 Bxe5 (37... Bf8 $17) 38. fxe5 $11 Qxe5 $17 {[%mdl 4096] Endgame KQ-KQ} 39. Qh7 b6 (39... Kd8 $11) 40. Qb7 $14 Qc5 (40... h4 $1 $14 41. Qc8+ (41. Qxc6+ Ke7 $15) 41... Ke7 42. Qxg4 hxg3+ 43. Kh3 (43. Qxg3 Qh8+ 44. Qh3 Qe5+ 45. g3 Qb2+ 46. Qg2 Qh8+ 47. Qh3 Qb2+ 48. Qg2 Qh8+ 49. Qh3 Qb2+ $11) 43... c5) 41. Qa8+ Kd7 42. Qxa7+ Kc8 43. Qf7 Kb8 44. Qd7 b5 45. cxb5 cxb5 46. a3 Ka8 47. Qe8+ Kb7 48. Qe4+ Kb6 49. b4 Qg5 {[#]} (49... Qd6 $16 50. Qf5 Qd4 51. Qxh5 Qc4) 50. Qc2 (50. Qa8 $1 $18) 50... Qd5 $16 51. a4 bxa4 {White has an edge.} 52. Qxa4 {And now Qa5+! would win.} Qc4 $1 53. Qa5+ Kc6 54. Qxh5 Qxb4 55. Qe5 Qc4 56. Qf4 Qe2 57. Kg1 {Precision: White = 46%, Black = 41%.} 1/2-1/2

[Event "NOR-chT Codanserien 2017-18"]
[Site "Oslo"]
[Date "2018.01.14"]
[Round "6"]
[White "Ostenstad, Berge"]
[Black "Notkevich, Benjamin Arvola"]
[Result "1/2-1/2"]
[WhiteElo "2439"]
[BlackElo "2456"]
[Annotator "TA"]
[PlyCount "70"]
[EventDate "2018.??.??"]
[EventType "team-tourn"]
[EventCountry "NOR"]
[SourceTitle "playchess.com"]
[Source "ChessBase"]
[SourceQuality "1"]

{[%evp 25,70,25,60,41,71,72,84,19,6,0,23,34,24,24,34,8,10,10,38,31,33,14,16,0,0,0,0,0,32,7,7,7,7,0,18,0,20,9,18,0,7,8,0,0,4,0,14]} 1. d4 Nf6 2. c4 g6 3. Nc3 Bg7 4. e4 d6 5. Nf3 O-O 6. Be2 e5 7. O-O Nc6 8. d5 Ne7 9. b4 a5 10. Ba3 b6 11. bxa5 Rxa5 12. Bb4 Ra8 13. a4 Re8 14. Re1 {E97: King's Indian: Classical Main Line (6...e5 7 0-0 Nc6): 8 Be3 and 8 d5 Ne7, not 9 Ne1} Bf8 15. Bf1 c5 16. dxc6 (16. Ba3 $16) 16... Nxc6 $11 17. Ba3 Bg4 18. h3 Bxf3 19. Qxf3 Nd4 20. Qd1 Nd7 21. Qd3 $146 ({Predecessor:} 21. Nb5 Nc5 {0-1 (50) Molina,R (2415)-Berg,E (2550) Caleta 2012}) 21... Qc8 22. Reb1 Qc6 23. Qd1 Ra7 24. Bd3 Rea8 25. Bb4 Nc5 26. Bxc5 Qxc5 27. Ra2 Be7 {The position is equal.} 28. Nd5 Bd8 29. Nc3 Kh8 30. Bf1 Kg7 31. Nb5 Ra5 32. Nc3 Bg5 33. Nd5 Bd8 34. Nc3 Qc6 35. Bd3 Qc5 {Precision: White = 55%, Black = 39%.} 1/2-1/2

[Event "NOR-chT Codanserien 2017-18"]
[Site "Oslo"]
[Date "2018.01.14"]
[Round "6"]
[White "Hauge, Lars Oskar"]
[Black "Christenson, Flemming"]
[Result "1-0"]
[WhiteElo "2436"]
[BlackElo "2207"]
[Annotator "TA"]
[PlyCount "81"]
[EventDate "2018.??.??"]
[EventType "team-tourn"]
[EventCountry "NOR"]
[SourceTitle "playchess.com"]
[Source "ChessBase"]
[SourceQuality "1"]

{[%evp 9,81,0,10,-4,0,0,0,0,0,-7,11,16,20,-3,17,9,20,18,9,8,49,44,50,45,54,46,47,29,41,20,38,2,14,25,7,0,0,0,0,0,-38,-51,53,0,50,23,78,0,0,-36,-5,-94,0,0,0,-117,-125,-69,-58,-181,-175,-175,-179,-184,-36,-19,140,-228,77,-498,0,0,1433,1437]} 1. d4 d5 2. Bf4 Nf6 3. e3 c5 4. c3 Nc6 5. Nd2 Bf5 6. Qb3 {D00: 1 d4 d5: Unusual lines} (6. Ngf3 e6 7. Be2 Bd6 8. dxc5 Bxc5 9. Nd4 Bg6 10. Qa4 O-O 11. Nxc6 bxc6 12. Qxc6 Rc8 13. Qa4 Re8 14. O-O e5 {0-1 (57) Le,Q (2737)-Ding,L (2777) Riadh 2017}) 6... Qd7 7. Ngf3 c4 8. Qd1 {The position is equal.} e6 9. Be2 Bd6 10. Bxd6 Qxd6 11. Nh4 Bg6 12. O-O $146 ({Predecessor:} 12. Nxg6 hxg6 {½-½ (37) O'Neill McAleenan,C (1946)-Semmler,J (2022) ICCF email 2010}) 12... O-O (12... a6 {feels hotter.} 13. b3 b5 14. Nxg6 hxg6 15. h3 O-O) 13. Nxg6 hxg6 14. e4 Nd7 15. e5 Qe7 16. f4 b5 17. Rf3 Rfb8 18. Rh3 Nf8 19. Qe1 b4 20. Bg4 bxc3 21. bxc3 Rb2 22. Nf3 f6 23. exf6 gxf6 24. Qh4 Qg7 $36 {[%mdl 2048] Black has the initiative.} 25. Qe1 Nd8 (25... f5 $15 26. Bh5 Qf6) 26. Rg3 (26. Nh4 $1 $14) 26... Kf7 27. f5 exf5 28. Bxf5 (28. Qc1 $1 $16 {[%cal Rc1b2]} Rab8 29. Bxf5) 28... Qh6 $1 $11 29. Bh3 Rab8 $1 30. Kh1 (30. Qf1 $1 $11 {remains equal.} Kg8 31. Re1) 30... R8b7 (30... Nde6 $1 $17 31. Bxe6+ Nxe6) 31. Qf1 {Black must now prevent Ne5+.} Kg7 32. Bc8 (32. Re1 $11 {keeps the balance.}) 32... Rc7 $1 $17 {[%cal Rc7c8]} 33. Bg4 Nf7 {Hoping for ...Nd6.} 34. Qe1 (34. Ng1 $1 $15) 34... Nd6 $1 $19 {[%cal Rd6e4] Threatens to win with ...Ne4.} 35. Rh3 Qf4 36. Qh4 Ne4 ({Black should try} 36... Nf7 $1 $19 {...f5 is the strong threat.} 37. Ng1 f5) 37. Rf1 $1 $15 {Strongly threatening g3.} Re7 $2 {[#]} ({Reject} 37... Kf7 $6 38. Ne5+ $1 {[%mdl 512]} fxe5 39. Rhf3 $18) (37... Nf2+ $11 38. Rxf2 Rxf2 39. Qxf2 Qxg4) 38. Qh8+ $1 $16 ({But not} 38. g3 $2 Qe3 $19) 38... Kf7 {[#]} 39. Rh4 $2 {[%mdl 8192]} (39. Ne5+ $1 $16 {[%mdl 512]} fxe5 40. Rhf3) 39... Rf2 $2 (39... Nf2+ $19 40. Kg1 Nxg4 41. Rxg4 (41. Ne5+ $2 Rxe5 42. Rxf4 Re1+ 43. Rf1 Rbb1 $19) 41... Qe3+ 42. Kh1 Rf2) 40. Rb1 $1 $11 {aiming for Be6+!} Ke8 $2 {[%mdl 8192] [#]} (40... Qd6 $11) 41. Bd7+ $1 {[%mdl 512] Precision: White = 41%, Black = 53%.} 1-0

[Event "NOR-chT Codanserien 2017-18"]
[Site "Oslo"]
[Date "2018.01.14"]
[Round "6"]
[White "Galinsky, Timofey"]
[Black "Thanke, Bror"]
[Result "1-0"]
[WhiteElo "2376"]
[BlackElo "2154"]
[Annotator "ChessBase"]
[PlyCount "105"]
[EventDate "2018.??.??"]
[EventType "team-tourn"]
[EventCountry "NOR"]
[SourceTitle "playchess.com"]
[Source "ChessBase"]
[SourceQuality "1"]
[TimeControl "40/5400+30:1800+30"]

1. d4 {[%emt 0:04:16]} Nf6 {[%emt 0:00:10]} 2. Nf3 {[%emt 0:00:07]} g6 {[%emt 0:00:17]} 3. c3 {[%emt 0:00:32]} Bg7 {[%emt 0:00:37]} 4. Bg5 {[%emt 0:00:24]} O-O {[%emt 0:00:50]} 5. Nbd2 {[%emt 0:00:16]} d5 {[%emt 0:00:34]} 6. e3 {[%emt 0:00:10]} Nbd7 {[%emt 0:01:17]} 7. Be2 {[%emt 0:02:02]} Re8 {[%emt 0:02:05]} 8. b4 {[%emt 0:01:49]} e5 {[%emt 0:08:45]} 9. O-O {[%emt 0:00:32]} c6 {[%emt 0:04:49]} 10. a4 {[%emt 0:01:16]} Qc7 {[%emt 0:05:49]} 11. Qb3 {[%emt 0:03:33]} Nh5 {[%emt 0:19:22]} 12. Rfc1 {[%emt 0:05:37]} h6 {[%emt 0:06:00]} 13. Bh4 {[%emt 0:00:20]} g5 {[%emt 0:02:04]} 14. Bg3 {[%emt 0:00:05]} Nxg3 {[%emt 0:00:20]} 15. hxg3 {[%emt 0:00:06]} g4 {[%emt 0:05:07]} 16. Nh2 {[%emt 0:05:44]} h5 {[%emt 0:01:21]} 17. Bd3 {[%emt 0:01:41]} Nf8 {[%emt 0:02:35]} 18. Rab1 {[%emt 0:01:34]} Qe7 {[%emt 0:03:56]} 19. Nhf1 {[%emt 0:03:07]} Be6 {[%emt 0:05:09]} 20. Qc2 {[%emt 0:00:43]} Rad8 {[%emt 0:02:19]} 21. Nb3 {[%emt 0:00:59]} b6 {[%emt 0:05:14]} 22. b5 {[%emt 0:03:52]} c5 {[%emt 0:03:17]} 23. dxc5 {[%emt 0:00:24]} bxc5 {[%emt 0:00:05]} 24. c4 {[%emt 0:01:14]} d4 {[%emt 0:02:32]} 25. exd4 {[%emt 0:04:04]} exd4 {[%emt 0:00:28]} 26. Re1 {[%emt 0:01:25]} Nd7 {[%emt 0:01:26]} 27. Re2 {[%emt 0:07:41]} Ne5 {[%emt 0:02:39]} 28. Rbe1 {[%emt 0:01:39]} Qc7 {[%emt 0:01:08]} 29. Nfd2 {[%emt 0:00:47]} Nd7 {[%emt 0:06:46]} 30. Ne4 {[%emt 0:03:19]} Kf8 {[%emt 0:03:49]} 31. Qd2 {[%emt 0:08:05]} Bf5 {[%emt 0:00:50]} 32. Qf4 {[%emt 0:08:53]} Qxf4 {[%emt 0:01:03]} 33. gxf4 {[%emt 0:00:04]} Bxe4 {[%emt 0:00:16]} 34. Rxe4 {[%emt 0:01:41]} Rxe4 {[%emt 0:01:02]} 35. Rxe4 {[%emt 0:00:05]} Bf6 {[%emt 0:01:47]} 36. a5 {[%emt 0:00:38]} Rb8 {[%emt 0:00:49]} 37. Re1 {[%emt 0:02:44]} Be7 {[%emt 0:00:43]} 38. g3 {[%emt 0:00:39]} Bd6 {[%emt 0:00:59]} 39. Be4 {[%emt 0:01:23]} Rd8 {[%emt 0:01:07]} 40. Bc6 {[%emt 0:01:13]} Nb8 {[%emt 0:30:27]} 41. Bd5 {[%emt 0:30:12]} Nd7 {[%emt 0:00:19]} 42. Kg2 {[%emt 0:01:26]} Nf6 {[%emt 0:00:00]} 43. Bc6 {[%emt 0:00:00]} Rc8 {[%emt 0:00:00]} 44. a6 {[%emt 0:00:00]} Rb8 {[%emt 0:00:00]} 45. Bb7 {[%emt 0:00:00]} Nd7 {[%emt 0:00:00]} 46. Rh1 {[%emt 0:00:00]} Nb6 {[%emt 0:00:00]} 47. Rxh5 {[%emt 0:00:00]} Nxc4 {[%emt 0:00:00]} 48. Nxc5 {[%emt 0:00:00]} Bxc5 {[%emt 0:00:00]} 49. Rh8+ {[%emt 0:00:00]} Ke7 {[%emt 0:00:00]} 50. Rxb8 {[%emt 0:00:00]} d3 {[%emt 0:00:00]} 51. Bc8 {[%emt 0:00:00]} d2 {[%emt 0:01:45]} 52. Bxg4 {[%emt 0:00:00]} Kd6 {[%emt 0:02:24]} 53. Rb7 {[%emt 0:00:00]} 1-0

[Event "NOR-chT Codanserien 2017-18"]
[Site "Oslo"]
[Date "2018.01.14"]
[Round "6"]
[White "Devereaux, Maxim L"]
[Black "Elsness, Frode"]
[Result "0-1"]
[WhiteElo "2370"]
[BlackElo "2481"]
[Annotator "TA"]
[PlyCount "102"]
[EventDate "2018.??.??"]
[EventType "team-tourn"]
[EventCountry "NOR"]
[SourceTitle "playchess.com"]
[Source "ChessBase"]
[SourceQuality "1"]

{[%evp 15,102,15,10,7,12,2,50,18,15,0,29,43,38,39,41,34,31,38,45,42,56,47,104,56,43,56,39,42,43,0,0,0,0,0,0,0,40,0,41,35,41,38,45,40,57,0,0,-38,0,-121,-112,-117,-110,-127,-87,-376,-360,-399,-303,-411,-408,-412,-365,-931,-910,-885,-1071,-1046,-1020,-1001,-957,-1339,-1318,-1211,-1105,-2235,-1983,-29984,-29985,-29986,-29987,-29987,-29988,-29989,-29990,-29990,-29991,-29991,-29989]} 1. e4 c6 2. d4 d5 3. e5 c5 4. dxc5 e6 5. a3 Bxc5 6. Nf3 {B12: Caro-Kann (Vorstoß-Variante)} Ne7 7. b4 Bb6 8. Bd3 a5 {LiveBook: 3 Partien} 9. b5 Nd7 10. O-O Ng6 11. Qe2 $146 (11. Bxg6 $5 hxg6 12. Nbd2 $11) ({Vorgänger:} 11. Bb2 a4 12. Re1 Nc5 {1-0 (39) Leko,P (2691)-Khenkin,I (2554) Riadh 2017}) 11... O-O 12. a4 f6 {[%cal Rd7e5]} (12... Bc5 {feels hotter.} 13. Bxg6 hxg6 14. c4 Bb4 15. Bg5 Qe8) 13. Bxg6 hxg6 14. Bb2 {[%cal Bc1b2,Bb2e5,Be5g3][%mdl 32]} fxe5 15. Nxe5 Nxe5 16. Bxe5 Bd7 17. Nd2 Rc8 18. c4 Qh4 (18... Qe7 $14) 19. Bg3 (19. Rac1 {is interesting.} Qe7 20. Nf3 g5 21. h3 Be8 22. Bg3) 19... Qh5 $1 {[%cal Rh5e2]} 20. Qxh5 gxh5 21. Rac1 Bc5 22. Nf3 {Schwarz muss nun Se5 beachten.} (22. Nb3 $5 {[%cal Rb3c5]} Ba3 23. c5 $11) 22... Ba3 23. Ra1 Be7 24. cxd5 exd5 25. Rad1 Rf5 26. Rfe1 Bf6 27. Be5 Bxe5 28. Nxe5 Be6 29. Nf3 Bf7 30. Rd4 (30. Re7 $14) 30... Kf8 31. h4 Rc2 32. Re5 (32. Re3 $11 {bleibt in der Remisbreite.}) 32... Rxe5 $17 33. Nxe5 {[%mdl 4096] Endspiel zielt auf Tf4 ab. KTL-KTS} Be6 34. f3 {[#]} Ke7 $1 {Und weiter mit ...Kd6 wäre nett.} 35. Kh2 $2 {[%mdl 8192]} (35. Rf4 $17 {ist der einzige Weg für Weiss..}) 35... Kd6 $19 36. f4 Bf5 37. Kg3 Be4 38. Nf3 Rc4 39. Rxc4 $2 (39. Rd1) 39... dxc4 {KL-KS} 40. Ng5 Kd5 41. Kf2 Bc2 42. Ke3 Bxa4 43. f5 Bc2 44. Ne6 Bxf5 45. Nf4+ Ke5 46. Nxh5 a4 {[%cal Ba5a4,Ba4a3,Ba3a2][%mdl 32] Schwarz setzt Matt.} 47. Kd2 a3 48. Kc3 Be6 49. Ng3 a2 50. Kb2 {[#]} c3+ $1 {[%mdl 512]} 51. Ka1 (51. Kxc3 a1=Q+) 51... Bc4 {Precision: Weiß = 35%, Schwarz = 78%.} 0-1